| 000 | 00422nam a22001697a 4500 | ||
|---|---|---|---|
| 003 | MPLRDC | ||
| 005 | 20220104114315.0 | ||
| 008 | 210129b ||||| |||| 00| 0 eng d | ||
| 020 | _a7-202-00710-X | ||
| 082 | _a857.45414 SM v.1 | ||
| 100 | _a蜀梅、因易 | ||
| 245 |
_a唐明皇与杨贵妃. 上 _c |
||
| 260 |
_a _b河北人民出版社 _c |
||
| 300 | _b平 | ||
| 650 | _a历史小说 | ||
| 942 |
_cBK _o857.45414 SM v.1 |
||
| 999 |
_c6456 _d6446 |
||